[Event "Steinfurt Bezirksliga 1617"]
[Site "Germany"]
[Date "2016.10.22"]
[Round "2.1"]
[White "Schellmann, Mareike"]
[Black "Lardinois, Wouter"]
[Result "1/2-1/2"]
[WhiteElo "1505"]
[BlackElo "1810"]
[PlyCount "55"]
[EventDate "2016.09.24"]
[EventType "team"]
[EventRounds "9"]
[EventCountry "GER"]
[SourceTitle "EXT 2018"]
[Source "ChessBase"]
[SourceDate "2017.10.13"]
[SourceVersion "1"]
[SourceVersionDate "2017.10.13"]
[SourceQuality "1"]
[WhiteTeam "Emsdetten Rochade V"]
[BlackTeam "Emsdetten Rochade IV"]
[WhiteTeamCountry "GER"]
[BlackTeamCountry "GER"]

1. e4 d5 2. exd5 Qxd5 3. Nc3 Qa5 4. Nf3 Nf6 5. g3 Bg4 6. Bg2 c6 7. 0-0 Nbd7 8. Qe1 e6 9. d3 Qh5 10. Qe3 0-0-0 11. Ne4 Nd5 12. Qe2 Be7 13. h3 Bxh3 14. Bxh3 Qxh3 15. Nfg5 Qf5 16. Kg2 Qg6 17. c4 N5f6 18. d4 h6 19. Nxf6 Nxf6 20. Nf3 Qg4 21. Re1 Bb4 22. Bd2 Bxd2 23. Qxd2 c5 24. Qa5 cxd4 25. Qxa7 Nh5 26. Qc5+ Kb8 27. Qe5+ Ka8 28. Qa5+ 1/2-1/2

[Event "Steinfurt Bezirksliga 1516"]
[Site "Germany"]
[Date "2015.12.19"]
[Round "4.1"]
[White "Lardinois, Wouter"]
[Black "Niering, Thorsten"]
[Result "0-1"]
[WhiteElo "1834"]
[BlackElo "1807"]
[PlyCount "71"]
[EventDate "2015.09.19"]
[EventType "team-tourn"]
[EventRounds "9"]
[EventCountry "GER"]
[SourceTitle "EXT 2017"]
[Source "ChessBase"]
[SourceDate "2016.10.25"]
[SourceVersion "1"]
[SourceVersionDate "2016.10.25"]
[SourceQuality "1"]
[WhiteTeam "Emsdetten Rochade III"]
[BlackTeam "Steinfurt II"]
[WhiteTeamCountry "GER"]
[BlackTeamCountry "GER"]

1. e4 e5 2. Nf3 Nc6 3. d4 exd4 4. Bc4 Nf6 5. e5 d5 6. Bb5 Ne4 7. Nxd4 Bd7 8. Bxc6 bxc6 9. 0-0 Be7 10. f3 Nc5 11. f4 f6 12. f5 0-0 13. e6 Be8 14. Qg4 h5 15. Qh3 Ne4 16. g4 c5 17. Nf3 g5 18. fxg6 Bxg6 19. gxh5 Bh7 20. Bh6 Kh8 21. Bxf8 Bxf8 22. Nbd2 Bh6 23. Nxe4 Bxe4 24. Nh4 Qd6 25. Rxf6 Bg7 26. Ng6+ Kg8 27. Rf7 Bd4+ 28. Kf1 Re8 29. Ne7+ Rxe7 30. Qg3+ Qxg3 31. hxg3 Rxe6 32. Rxc7 Rf6+ 33. Ke1 Rf2 34. Rd1 Rh2 35. Rxa7 Bxb2 36. g4 0-1

[Event "Steinfurt Bezirksliga 1314"]
[Site "Germany"]
[Date "2013.10.19"]
[Round "2.1"]
[White "Roewekamp, Helmut"]
[Black "Lardinois, Wouter"]
[Result "0-1"]
[WhiteElo "1667"]
[BlackElo "1690"]
[PlyCount "62"]
[EventDate "2013.09.14"]
[EventType "team-tourn"]
[EventRounds "9"]
[EventCountry "GER"]
[SourceTitle "EXT 2015"]
[Source "ChessBase"]
[SourceDate "2014.11.20"]
[SourceVersion "1"]
[SourceVersionDate "2014.11.20"]
[SourceQuality "1"]
[WhiteTeam "Reckenfeld"]
[BlackTeam "Emsdetten Rochade III"]
[WhiteTeamCountry "GER"]
[BlackTeamCountry "GER"]

1. e4 d5 2. exd5 Nf6 3. Nc3 Nxd5 4. Nxd5 Qxd5 5. Nf3 Bg4 6. Be2 Nc6 7. d3 0-0-0 8. Be3 e5 9. 0-0 f5 10. Ne1 Bxe2 11. Qxe2 f4 12. Bc1 Nd4 13. Qg4+ Kb8 14. c3 h5 15. Qd1 Nc6 16. Qc2 g5 17. a3 Bd6 18. b4 Rdf8 19. Bb2 g4 20. c4 Qe6 21. c5 Be7 22. f3 h4 23. Qe2 h3 24. fxg4 hxg2 25. Rf2 Bh4 26. Rxg2 Bxe1 27. Qxe1 f3 28. Rf2 Qxg4+ 29. Kh1 Rh5 30. Qe3 Rfh8 31. Rg1 Rxh2+ 0-1

[Event "Steinfurt Bezirksliga 1213"]
[Site "Germany"]
[Date "2013.02.02"]
[Round "6.5"]
[White "Lardinois, Wouter"]
[Black "Richter, Michael"]
[Result "1/2-1/2"]
[WhiteElo "1698"]
[BlackElo "1612"]
[PlyCount "50"]
[EventDate "2012.09.22"]
[EventType "team-tourn"]
[EventRounds "9"]
[EventCountry "GER"]
[SourceTitle "EXT 2015"]
[Source "ChessBase"]
[SourceDate "2014.11.20"]
[SourceVersion "1"]
[SourceVersionDate "2014.11.20"]
[SourceQuality "1"]
[WhiteTeam "Emsdetten Rochade II"]
[BlackTeam "Reckenfeld"]
[WhiteTeamCountry "GER"]
[BlackTeamCountry "GER"]

1. e4 c5 2. Nc3 d6 3. f4 Nc6 4. Bb5 Bd7 5. Nf3 g6 6. d3 Bg7 7. 0-0 a6 8. Bxc6 Bxc6 9. Qe1 Qc7 10. e5 e6 11. f5 Bxf3 12. exd6 Qxd6 13. fxe6 Qxe6 14. Qxe6+ fxe6 15. Rxf3 Bxc3 16. bxc3 Ne7 17. Rb1 b5 18. a4 Rb8 19. axb5 axb5 20. c4 b4 21. Be3 Rc8 22. Ra1 Nf5 23. Ra6 Kd7 24. Ra7+ Kc6 25. g4 Nxe3 1/2-1/2

[Event "Borne Euro Chess op-A"]
[Site "Borne"]
[Date "2012.08.09"]
[Round "6"]
[White "Lardinois, Wouter"]
[Black "Lentjes, Noud"]
[Result "1-0"]
[WhiteElo "1942"]
[BlackElo "1978"]
[PlyCount "55"]
[EventDate "2012.08.06"]
[EventType "swiss"]
[EventRounds "9"]
[EventCountry "NED"]
[SourceTitle "CBM 149 Extra"]
[Source "ChessBase"]
[SourceDate "2012.08.24"]
[SourceVersion "1"]
[SourceVersionDate "2012.08.24"]
[SourceQuality "1"]

1. e4 c5 2. Nc3 e6 3. f4 d5 4. Bb5+ Nc6 5. Bxc6+ bxc6 6. d3 Nf6 7. e5 Nd7 8. Nf3 Be7 9. 0-0 0-0 10. Qe1 Nb6 11. b3 f5 12. exf6 Bxf6 13. Ne5 Qc7 14. Ba3 Bxe5 15. Qxe5 Qxe5 16. fxe5 Nd7 17. Rxf8+ Kxf8 18. Re1 Kf7 19. Na4 c4 20. bxc4 dxc4 21. d4 Nb6 22. Rf1+ Kg6 23. Nc5 Nd5 24. Rf8 Rb8 25. Kf2 Nc7 26. c3 a5 27. Nd7 Bxd7 28. Rxb8 1-0

[Event "Steinfurt Bezirksliga 1011"]
[Site "Germany"]
[Date "2010.12.04"]
[Round "3.6"]
[White "Lardinois, Wouter"]
[Black "Winter, Reinhold"]
[Result "1-0"]
[WhiteElo "1591"]
[BlackElo "1548"]
[PlyCount "79"]
[EventDate "2010.10.02"]
[EventType "team-tourn"]
[EventRounds "9"]
[EventCountry "GER"]
[SourceTitle "EXT 2012"]
[Source "ChessBase"]
[SourceDate "2011.11.24"]
[SourceVersion "1"]
[SourceVersionDate "2011.11.24"]
[SourceQuality "1"]
[WhiteTeam "Emsdetten Rochade III"]
[BlackTeam "Neuenkirchen II"]
[WhiteTeamCountry "GER"]
[BlackTeamCountry "GER"]

1. e4 e6 2. d4 d5 3. Nc3 Bb4 4. e5 c5 5. a3 cxd4 6. Qxd4 Nc6 7. Bb5 Bxc3+ 8. Qxc3 Bd7 9. Bxc6 Bxc6 10. Qg3 g6 11. Ne2 Bb5 12. Nd4 Qd7 13. c3 h5 14. Qh4 Ne7 15. g4 Ba6 16. Bg5 Nc6 17. Nf3 Bd3 18. Bf6 Rg8 19. Ng5 Qc7 20. Qg3 Bc2 21. gxh5 gxh5 22. Nxe6 Qxe5+ 23. Bxe5 Rxg3 24. Nc7+ Kd7 25. Bxg3 Rg8 26. Nxd5 Be4 27. Nf6+ Ke6 28. Nxe4 b6 29. 0-0-0 Rg4 30. Rd6+ Kf5 31. Rxc6 Rxe4 32. Rc7 f6 33. Rd1 h4 34. f3 Ra4 35. b3 Rxa3 36. Kb2 Ra5 37. Bxh4 Kf4 38. Bxf6 Kxf3 39. Rd4 Rh5 40. h4 1-0

[Event "Enschede op-B U16"]
[Site "Enschede"]
[Date "2009.08.05"]
[Round "4"]
[White "Van Osch, Mees"]
[Black "Lardinois, Wouter"]
[Result "1-0"]
[WhiteElo "1776"]
[BlackElo "1857"]
[PlyCount "51"]
[EventDate "2009.08.03"]
[EventType "swiss"]
[EventRounds "9"]
[EventCountry "NED"]
[SourceTitle "CBM 132 Extra"]
[Source "ChessBase"]
[SourceDate "2009.11.03"]
[SourceVersion "1"]
[SourceVersionDate "2009.11.03"]
[SourceQuality "1"]

1. e4 c5 2. Nc3 g6 3. g3 Bg7 4. Bg2 Nc6 5. f4 d6 6. Nf3 Bd7 7. 0-0 a6 8. d3 b5 9. e5 b4 10. Ne4 Qc7 11. Re1 d5 12. Nxc5 Nxe5 13. d4 Nc6 14. Ne5 Nf6 15. a3 e6 16. Qd3 Qb6 17. Bd2 Rc8 18. axb4 Nxb4 19. Bxb4 Qxb4 20. c3 Qb5 21. Rxa6 Rxc5 22. dxc5 Qxc5+ 23. Qd4 Qb5 24. Ra8+ Ke7 25. Bf1 Qxb2 26. Qc5# 1-0